000 00867nam a2200205 a 4500
001 000022359
005 20240409073640.0
008 101005t1980 dr 001 0dspa d
040 _aDO-SdBNP
_bspa
_cBNPHU
082 _a972.93
_bE77a
100 1 _aEspinal, Andrés Julio,
_d1903-
_946125
245 1 0 _aAntes, Trujillo, después :
_bhombres y hechos /
_cAndrés Julio Espinal.
260 _aSanto Domingo :
_bTaller,
_c1980.
300 _a347 p. ;
_c21 cm.
505 0 _gDesmitologicemos la historia --
_gIntroducción --
_tMirada retrospectiva: pinceladas 1942-1930 --
_tEra de Trujillo: 16 de agosto de1930 - 30 de mayo de 1961 --
_tDespués de Trujillo: pinceladas --
_gApéndices.
600 1 0 _aTrujillo Molina, Rafael Leónidas,
_d 1891-1961
_976764
651 4 _aRepública Dominicana
_xHistoria
_9170
910 _aValidado. Control de calidad EMS.
049 _aBNPD
999 _c21857
_d21857